Recherches expérimentales sur l'absorption et l'exhalation (Record no. 54316)

MARC details
000 -LEADER
campo de control de longitud fija 00543nam a22001575i 4500
001 - NÚMERO DE CONTROL
campo de control 54316
003 - IDENTIFICADOR DE NÚMERO DE CONTROL
campo de control ES-MaACL
007 - CAMPO FIJO DE DESCRIPCIÓN FÍSICA--INFORMACIÓN GENERAL
campo de control de longitud fija t|
008 - DATOS DE LONGITUD FIJA--INFORMACIÓN GENERAL
campo de control de longitud fija 960717s1824 fr ||||1| fre d
040 ## - FUENTE DE CATALOGACIÓN
Centro catalogador/agencia de origen CAM
Lengua de catalogación spa
Centro/agencia transcriptor CAM
100 1# - ENTRADA PRINCIPAL--NOMBRE DE PERSONA
Nombre de persona Fodera, Michel.
9 (RLIN) 51391
245 10 - MENCIÓN DEL TÍTULO
Título Recherches expérimentales sur l'absorption et l'exhalation
Resto del título : mémoire couronné par l'Institut Royal de France /
Mención de responsabilidad, etc. par Michel Fodera.
260 ## - PUBLICACIÓN, DISTRIBUCIÓN, ETC.
Lugar de publicación, distribución, etc. Paris :
Nombre del editor, distribuidor, etc. J. B. Baillière,
Fecha de publicación, distribución, etc. 1824 (
Fabricante del'imprimerie de Feugueray)
300 ## - DESCRIPCIÓN FÍSICA
Extensión 70, [2] p. ;
Dimensiones 22 cm.
852 ## - LOCALIZACIÓN
Ubicación ES-MaACL
Número de control de estantería T-494-F-3
Holdings
Estatus retirado Estado de pérdida Estado de daño No para préstamo Colección Biblioteca de origen Biblioteca actual Ubicación en estantería Fecha de adquisición Fuente de adquisición Total de préstamos Signatura topográfica completa Código de barras Visto por última vez Precio de reemplazo Tipo de ítem Koha
        Colección de folletos Biblioteca del Ateneo de Madrid Biblioteca del Ateneo de Madrid Depósito folletos 17/01/2008     T-494-F-3 1057079 23/02/2023 23/02/2023 Folleto